[Event "Alushta Autumn 1st"]
[Site "Alushta"]
[Date "2011.09.08"]
[Round "7"]
[White "Iljin, Timofey"]
[Black "Nosov, Andrey"]
[Result "1-0"]
[WhiteElo "2509"]
[BlackElo "2311"]
[PlyCount "105"]
[EventDate "2011.09.02"]
[EventType "tourn"]
[EventRounds "11"]
[EventCountry "UKR"]
[EventCategory "5"]
[SourceTitle "EXT 2014"]
[Source "ChessBase"]
[SourceDate "2013.11.20"]
[SourceVersion "1"]
[SourceVersionDate "2013.11.20"]
[SourceQuality "1"]

1. d4 f5 2. c4 Nf6 3. Nc3 e6 4. Nf3 d6 5. g3 Be7 6. Bg2 0-0 7. 0-0 Ne4 8. Qc2 Nxc3 9. Qxc3 Bf6 10. Re1 Nc6 11. b4 e5 12. e3 e4 13. Nd2 Ne5 14. Ba3 Ng4 15. Qc2 Qe8 16. b5 c5 17. bxc6 Qxc6 18. Rab1 Be7 19. Rb5 Qc7 20. Qb3 Nf6 21. Rb1 Kh8 22. f3 a6 23. Rb4 d5 24. c5 g5 25. f4 Rg8 26. Rb6 Qd8 27. Nf1 Qe8 28. Qc3 Bd8 29. Rd6 Be7 30. Rdb6 Bd8 31. R6b3 a5 32. Rb5 Ra6 33. Bc1 Bc7 34. Bd2 h5 35. Be1 Qg6 36. Qd2 h4 37. fxg5 Qxg5 38. gxh4 Qh6 39. Bg3 f4 40. Bxf4 Bxf4 41. exf4 Nh5 42. Rb6 Qg7 43. Rxa6 bxa6 44. f5 Bxf5 45. Rb6 e3 46. Nxe3 Be4 47. Rb2 Nf4 48. Qd1 Nh3+ 49. Kh1 Qf7 50. Qe1 Qf6 51. Rd2 Qf4 52. Nf1 Qf3 53. Ng3 1-0

[Event "Alushta Autumn 1st"]
[Site "Alushta"]
[Date "2011.09.05"]
[Round "4"]
[White "Nosov, Andrey"]
[Black "Kharchenko, Boris"]
[Result "0-1"]
[WhiteElo "2311"]
[BlackElo "2449"]
[PlyCount "64"]
[EventDate "2011.09.02"]
[EventType "tourn"]
[EventRounds "11"]
[EventCountry "UKR"]
[EventCategory "5"]
[SourceTitle "EXT 2014"]
[Source "ChessBase"]
[SourceDate "2013.11.20"]
[SourceVersion "1"]
[SourceVersionDate "2013.11.20"]
[SourceQuality "1"]

1. e4 e5 2. Nf3 Nc6 3. Bb5 a6 4. Ba4 Nf6 5. 0-0 b5 6. Bb3 Be7 7. Re1 0-0 8. c3 d6 9. h3 Na5 10. Bc2 c5 11. d4 Qc7 12. Nbd2 cxd4 13. cxd4 Nc6 14. d5 Nb4 15. Bb1 a5 16. Nf1 Bd7 17. Ne3 Rfc8 18. Nh4 g6 19. Qf3 Ne8 20. Ng4 Qxc1 21. Rxc1 Rxc1+ 22. Kh2 Bxh4 23. Nh6+ Kh8 24. Nxf7+ Kg7 25. Qe3 Rf1 26. Qh6+ Kxf7 27. Qxh7+ Ng7 28. Qxh4 Nh5 29. g4 Nf6 30. Kg2 Rd1 31. Qg3 Rc8 32. Qf3 Rcc1 0-1

[Event "Alushta Autumn 1st"]
[Site "Alushta"]
[Date "2011.09.04"]
[Round "3"]
[White "Belikov, Vladimir"]
[Black "Nosov, Andrey"]
[Result "1-0"]
[WhiteElo "2479"]
[BlackElo "2311"]
[PlyCount "97"]
[EventDate "2011.09.02"]
[EventType "tourn"]
[EventRounds "11"]
[EventCountry "UKR"]
[EventCategory "5"]
[SourceTitle "EXT 2014"]
[Source "ChessBase"]
[SourceDate "2013.11.20"]
[SourceVersion "1"]
[SourceVersionDate "2013.11.20"]
[SourceQuality "1"]

1. d4 f5 2. Nf3 Nf6 3. g3 e6 4. Bg2 Be7 5. c4 d5 6. 0-0 0-0 7. b3 b6 8. cxd5 exd5 9. Qc2 c6 10. Ne5 Qe8 11. Bg5 h6 12. Bxf6 Rxf6 13. Nc3 Be6 14. f4 a5 15. Na4 Bd8 16. Rac1 Bd7 17. e3 Kh8 18. h3 Qh5 19. Kh2 Ra7 20. Bf3 Qe8 21. Rf2 Na6 22. Qd1 Rb7 23. Qf1 Nc7 24. Nb2 Nb5 25. Nbd3 Rc7 26. Nxd7 Rxd7 27. Ne5 Rc7 28. a4 Na7 29. Rfc2 Rd6 30. Qa6 Re7 31. Qd3 Rf6 32. Rc3 Ree6 33. g4 Rd6 34. gxf5 Nc8 35. Ng4 Rf8 36. Ne5 Ne7 37. R3c2 Rff6 38. Rg2 Nxf5 39. Bd1 c5 40. Bc2 Qh5 41. Rcg1 g6 42. Bd1 Qh4 43. Nf3 Qh5 44. Ne5 Qh4 45. Nxg6+ Rxg6 46. Qxf5 Rxg2+ 47. Rxg2 Qf6 48. Qe5 Re6 49. Qxd5 1-0

[Event "Alushta Autumn 1st"]
[Site "Alushta"]
[Date "2011.09.03"]
[Round "2"]
[White "Nosov, Andrey"]
[Black "Polivanov, Anatoliy"]
[Result "0-1"]
[WhiteElo "2311"]
[BlackElo "2431"]
[PlyCount "50"]
[EventDate "2011.09.02"]
[EventType "tourn"]
[EventRounds "11"]
[EventCountry "UKR"]
[EventCategory "5"]
[SourceTitle "EXT 2014"]
[Source "ChessBase"]
[SourceDate "2013.11.20"]
[SourceVersion "1"]
[SourceVersionDate "2013.11.20"]
[SourceQuality "1"]

1. e4 e6 2. d4 d5 3. Nc3 Nf6 4. Bg5 Bb4 5. e5 h6 6. exf6 hxg5 7. fxg7 Rg8 8. Qh5 Qf6 9. Nf3 Qxg7 10. a3 Ba5 11. Bd3 Nd7 12. Qh7 Qf8 13. Be2 c5 14. Qd3 g4 15. Nd2 a6 16. dxc5 Nxc5 17. Qe3 Nd7 18. Nxd5 Bxd2+ 19. Kxd2 Qd6 20. c4 Kd8 21. Qf4 Ne5 22. Kc3 exd5 23. Rad1 Be6 24. Rxd5 Bxd5 25. Rd1 Rc8 0-1

[Event "Alushta Autumn 5th"]
[Site "Alushta"]
[Date "2008.10.01"]
[Round "8"]
[White "Amanov, Mesgen"]
[Black "Nosov, Andrey"]
[Result "1-0"]
[WhiteElo "2385"]
[BlackElo "2372"]
[PlyCount "67"]
[EventDate "2008.09.26"]
[EventType "tourn"]
[EventRounds "14"]
[EventCountry "UKR"]
[EventCategory "6"]
[SourceTitle "CBM 126 Extra"]
[Source "ChessBase"]
[SourceDate "2008.11.05"]
[SourceVersion "1"]
[SourceVersionDate "2008.11.05"]
[SourceQuality "1"]

1. c4 c5 2. g3 g6 3. Bg2 Bg7 4. Nc3 d6 5. a3 Nc6 6. Rb1 a5 7. Nf3 Nh6 8. h4 Bg4 9. d3 Qd7 10. Bd2 Nf5 11. Nh2 h5 12. Nd5 Ra7 13. Bc3 Kf8 14. Nxg4 hxg4 15. e3 Bxc3+ 16. bxc3 Ne5 17. Nb6 Qd8 18. d4 Ra6 19. Qb3 Nf3+ 20. Bxf3 gxf3 21. Nd5 Ra7 22. Qb6 Qxb6 23. Nxb6 g5 24. Kd2 cxd4 25. cxd4 Ra6 26. Nd7+ Ke8 27. Rxb7 Rh7 28. h5 Nh6 29. Rhb1 Ng4 30. Rc7 Kd8 31. Rbb7 Nxf2 32. Nb8 Ne4+ 33. Kd3 f2 34. Ke2 1-0

[Event "Alushta Autumn 5th"]
[Site "Alushta"]
[Date "2008.09.30"]
[Round "6"]
[White "Kutynec, Vladimir"]
[Black "Nosov, Andrey"]
[Result "1/2-1/2"]
[WhiteElo "2281"]
[BlackElo "2372"]
[PlyCount "76"]
[EventDate "2008.09.26"]
[EventType "tourn"]
[EventRounds "14"]
[EventCountry "UKR"]
[EventCategory "6"]
[SourceTitle "CBM 126 Extra"]
[Source "ChessBase"]
[SourceDate "2008.11.05"]
[SourceVersion "1"]
[SourceVersionDate "2008.11.05"]
[SourceQuality "1"]

1. Nf3 Nf6 2. c4 e6 3. g3 b6 4. Bg2 Bb7 5. 0-0 c5 6. Nc3 Be7 7. d4 cxd4 8. Qxd4 d6 9. Rd1 a6 10. b3 Nbd7 11. e4 Qc7 12. Ba3 Nc5 13. e5 dxe5 14. Qxe5 Rc8 15. Qxc7 Rxc7 16. Bxc5 Bxc5 17. Ne5 Bxg2 18. Kxg2 Nd7 19. Nd3 Bd4 20. Rac1 Ke7 21. Ne2 Bc5 22. f4 Rhc8 23. Nxc5 Rxc5 24. a4 b5 25. cxb5 axb5 26. axb5 Rxc1 27. Rxc1 Rxc1 28. Nxc1 Kd6 29. Nd3 Kc7 30. Nb2 Kb6 31. Nc4+ Kxb5 32. Nd6+ Kb4 33. Nxf7 Kxb3 34. Ng5 Nf8 35. Kf3 Kc4 36. Ke4 h6 37. Nf7 Kc5 38. Ke5 Kc6 1/2-1/2

[Event "Alushta Autumn 5th"]
[Site "Alushta"]
[Date "2008.09.30"]
[Round "7"]
[White "Nosov, Andrey"]
[Black "Gevorgyan, David"]
[Result "1/2-1/2"]
[WhiteElo "2372"]
[BlackElo "2141"]
[PlyCount "27"]
[EventDate "2008.09.26"]
[EventType "tourn"]
[EventRounds "14"]
[EventCountry "UKR"]
[EventCategory "6"]
[SourceTitle "CBM 126 Extra"]
[Source "ChessBase"]
[SourceDate "2008.11.05"]
[SourceVersion "1"]
[SourceVersionDate "2008.11.05"]
[SourceQuality "1"]

1. e4 e5 2. Nf3 Nc6 3. Bb5 a6 4. Bxc6 dxc6 5. 0-0 f6 6. d4 exd4 7. Nxd4 c5 8. Nb3 Qxd1 9. Rxd1 Bd7 10. Nc3 0-0-0 11. Be3 b6 12. a4 a5 13. Nd5 Ne7 14. c4 1/2-1/2

[Event "Alushta Autumn 5th"]
[Site "Alushta"]
[Date "2008.09.28"]
[Round "4"]
[White "Kovalev, Andrei"]
[Black "Nosov, Andrey"]
[Result "1-0"]
[WhiteElo "2550"]
[BlackElo "2372"]
[PlyCount "85"]
[EventDate "2008.09.26"]
[EventType "tourn"]
[EventRounds "14"]
[EventCountry "UKR"]
[EventCategory "6"]
[SourceTitle "CBM 126 Extra"]
[Source "ChessBase"]
[SourceDate "2008.11.05"]
[SourceVersion "1"]
[SourceVersionDate "2008.11.05"]
[SourceQuality "1"]

1. e4 e5 2. Nf3 Nc6 3. Bb5 f5 4. d3 fxe4 5. dxe4 Nf6 6. 0-0 Bc5 7. Qd3 d6 8. Qc4 Qe7 9. Nc3 Bd7 10. Nd5 Nxd5 11. exd5 Nd4 12. Bxd7+ Qxd7 13. Nxd4 Bxd4 14. a4 a5 15. Be3 Bxe3 16. fxe3 Rf8 17. Qh4 g6 18. b3 Rxf1+ 19. Rxf1 Qe7 20. Qg4 Rd8 21. h4 b6 22. h5 Qg7 23. Qe6+ Qe7 24. Qg4 Qg7 25. Qe6+ Qe7 26. Rf7 Qxe6 27. dxe6 gxh5 28. Rxc7 d5 29. Rxh7 Rd6 30. Rxh5 Rxe6 31. g4 Ke7 32. Rh7+ Kd6 33. Kg2 Kc5 34. c3 d4 35. exd4+ exd4 36. Rh5+ Kd6 37. cxd4 Re4 38. Kf3 Rxd4 39. Rb5 Kc6 40. g5 Rd1 41. Kf4 Rf1+ 42. Ke5 Rg1 43. Kf6 1-0

[Event "Alushta Autumn 5th"]
[Site "Alushta"]
[Date "2008.09.27"]
[Round "3"]
[White "Nosov, Andrey"]
[Black "Obukhov, Alexander"]
[Result "1/2-1/2"]
[WhiteElo "2372"]
[BlackElo "2438"]
[PlyCount "29"]
[EventDate "2008.09.26"]
[EventType "tourn"]
[EventRounds "14"]
[EventCountry "UKR"]
[EventCategory "6"]
[SourceTitle "CBM 126 Extra"]
[Source "ChessBase"]
[SourceDate "2008.11.05"]
[SourceVersion "1"]
[SourceVersionDate "2008.11.05"]
[SourceQuality "1"]

1. e4 e5 2. Nf3 Nc6 3. Bb5 a6 4. Bxc6 dxc6 5. 0-0 Ne7 6. d4 exd4 7. Nxd4 c5 8. Nb3 Qxd1 9. Rxd1 Nc6 10. Bf4 c4 11. Nd4 Bg4 12. Rd2 Nxd4 13. Rxd4 Rd8 14. Rxd8+ Kxd8 15. Nc3 1/2-1/2

[Event "Alushta Autumn 5th"]
[Site "Alushta"]
[Date "2008.09.26"]
[Round "1"]
[White "Nosov, Andrey"]
[Black "Amanov, Mesgen"]
[Result "0-1"]
[WhiteElo "2372"]
[BlackElo "2385"]
[PlyCount "36"]
[EventDate "2008.09.26"]
[EventType "tourn"]
[EventRounds "14"]
[EventCountry "UKR"]
[EventCategory "6"]
[SourceTitle "CBM 126 Extra"]
[Source "ChessBase"]
[SourceDate "2008.11.05"]
[SourceVersion "1"]
[SourceVersionDate "2008.11.05"]
[SourceQuality "1"]

1. e4 c5 2. Nc3 d6 3. f4 g6 4. Nf3 Bg7 5. Be2 Nc6 6. 0-0 e6 7. Qe1 Nge7 8. b3 Nd4 9. Bd1 Nec6 10. Bb2 0-0 11. Kh1 Nb4 12. Nxd4 cxd4 13. Nb5 Qb6 14. a4 Bd7 15. d3 Qc5 16. Bxd4 Bxd4 17. Nxd4 Qxd4 18. c3 Qg7 0-1

[Event "Alushta Autumn 3rd"]
[Site "Alushta"]
[Date "2008.09.23"]
[Round "12"]
[White "Nosov, Andrey"]
[Black "Khudiakov, Alexandr"]
[Result "1/2-1/2"]
[WhiteElo "2372"]
[BlackElo "2164"]
[PlyCount "26"]
[EventDate "2008.09.14"]
[EventType "tourn"]
[EventRounds "13"]
[EventCountry "UKR"]
[EventCategory "6"]
[SourceTitle "CBM 126 Extra"]
[Source "ChessBase"]
[SourceDate "2008.11.05"]
[SourceVersion "1"]
[SourceVersionDate "2008.11.05"]
[SourceQuality "1"]

1. e4 e5 2. Nf3 Nc6 3. Bc4 Bc5 4. c3 Nf6 5. d4 exd4 6. 0-0 Nxe4 7. cxd4 d5 8. dxc5 dxc4 9. Qe2 Qd3 10. Re1 f5 11. Nc3 0-0 12. Nxe4 fxe4 13. Qxe4 Bf5 1/2-1/2

[Event "Alushta Autumn 3rd"]
[Site "Alushta"]
[Date "2008.09.21"]
[Round "10"]
[White "Nosov, Andrey"]
[Black "Sitnikov, Anton"]
[Result "0-1"]
[WhiteElo "2372"]
[BlackElo "2463"]
[PlyCount "42"]
[EventDate "2008.09.14"]
[EventType "tourn"]
[EventRounds "13"]
[EventCountry "UKR"]
[EventCategory "6"]
[SourceTitle "CBM 126 Extra"]
[Source "ChessBase"]
[SourceDate "2008.11.05"]
[SourceVersion "1"]
[SourceVersionDate "2008.11.05"]
[SourceQuality "1"]

1. e4 e6 2. d4 d5 3. Nc3 Bb4 4. Bd2 Nc6 5. a3 Bxc3 6. Bxc3 Nf6 7. e5 Ne4 8. Qg4 0-0 9. Bd3 f5 10. exf6 Qxf6 11. Bxe4 Qxf2+ 12. Kd1 dxe4 13. Qxe4 Qf1+ 14. Qe1 Qxg2 15. Ne2 e5 16. Rg1 Qd5 17. Qg3 Rf7 18. Kc1 exd4 19. Nf4 Qc4 20. Bd2 Bf5 21. c3 Na5 0-1

[Event "Alushta Autumn 3rd"]
[Site "Alushta"]
[Date "2008.09.20"]
[Round "9"]
[White "Demchenko, Anton"]
[Black "Nosov, Andrey"]
[Result "1-0"]
[WhiteElo "2495"]
[BlackElo "2372"]
[PlyCount "83"]
[EventDate "2008.09.14"]
[EventType "tourn"]
[EventRounds "13"]
[EventCountry "UKR"]
[EventCategory "6"]
[SourceTitle "CBM 126 Extra"]
[Source "ChessBase"]
[SourceDate "2008.11.05"]
[SourceVersion "1"]
[SourceVersionDate "2008.11.05"]
[SourceQuality "1"]

1. e4 e5 2. Nf3 Nc6 3. d4 exd4 4. Nxd4 Bb4+ 5. c3 Be7 6. Bc4 Nf6 7. Nxc6 bxc6 8. e5 Nd5 9. Qg4 Bf8 10. Bxd5 cxd5 11. Bg5 d6 12. Bxd8 Bxg4 13. Bxc7 Kd7 14. h3 Re8 15. hxg4 Kxc7 16. e6 fxe6 17. Nd2 Be7 18. Nf3 h6 19. Nd4 Kd7 20. 0-0-0 Rhf8 21. f3 Bg5+ 22. Kc2 Rc8 23. Rhe1 Rfe8 24. g3 Bf6 25. f4 Rc4 26. Rd3 Bxd4 27. Rxd4 Rf8 28. Kd3 Rb8 29. Re2 Rc5 30. b4 Rc7 31. f5 Rbc8 32. fxe6+ Ke7 33. Rc2 Kxe6 34. Rf4 Rc4 35. Re2+ Kd7 36. Rf7+ Kd8 37. Ree7 Rxc3+ 38. Kd4 R8c4+ 39. Kxd5 Rxg4 40. Rxa7 Rd3+ 41. Kc6 Ke8 42. Rxg7 1-0

[Event "Alushta Autumn 3rd"]
[Site "Alushta"]
[Date "2008.09.16"]
[Round "5"]
[White "Petrosian, Davit Gevorgi"]
[Black "Nosov, Andrey"]
[Result "1-0"]
[WhiteElo "2460"]
[BlackElo "2372"]
[PlyCount "35"]
[EventDate "2008.09.14"]
[EventType "tourn"]
[EventRounds "13"]
[EventCountry "UKR"]
[EventCategory "6"]
[SourceTitle "CBM 126 Extra"]
[Source "ChessBase"]
[SourceDate "2008.11.05"]
[SourceVersion "1"]
[SourceVersionDate "2008.11.05"]
[SourceQuality "1"]

1. e4 e5 2. Nf3 Nc6 3. d4 exd4 4. Nxd4 Nf6 5. Nxc6 bxc6 6. e5 Qe7 7. Qe2 Nd5 8. c4 Ba6 9. h4 Qb4+ 10. Kd1 0-0-0 11. Rh3 Nb6 12. b3 d5 13. Rd3 dxc4 14. Rxd8+ Kxd8 15. Ba3 cxb3 16. Qxa6 Qd4+ 17. Qd3 Qxd3+ 18. Bxd3 1-0

[Event "UKR-chT 13th"]
[Site "Alushta"]
[Date "2006.04.21"]
[Round "7.1"]
[White "Tishin, Dmitry"]
[Black "Nosov, Andrey"]
[Result "1/2-1/2"]
[WhiteElo "2316"]
[BlackElo "2408"]
[PlyCount "42"]
[EventDate "2006.04.15"]
[EventType "team-tourn"]
[EventRounds "9"]
[EventCountry "UKR"]
[SourceTitle "EXT 2019"]
[Source "ChessBase"]
[SourceDate "2018.10.10"]
[SourceVersion "1"]
[SourceVersionDate "2018.10.10"]
[SourceQuality "1"]
[WhiteTeam "Simferopol Crimean Engin and Pedagog"]
[BlackTeam "Pavlograd Tura"]
[WhiteTeamCountry "UKR"]
[BlackTeamCountry "UKR"]

1. d4 Nf6 2. c4 e6 3. Nf3 d5 4. Nc3 c6 5. e3 Be7 6. Qc2 0-0 7. Be2 dxc4 8. Bxc4 Nbd7 9. e4 Re8 10. e5 Nd5 11. Nxd5 exd5 12. Bd3 Nf8 13. 0-0 Bg4 14. Ne1 Rc8 15. Be3 c5 16. dxc5 d4 17. Bf4 Rxc5 18. Qb3 Ng6 19. Bxg6 hxg6 20. Nd3 Rc6 21. Rfe1 Qd7 1/2-1/2